| 000 | 00554nam a2200205Ia 4500 | ||
|---|---|---|---|
| 005 | 20260429111917.0 | ||
| 008 | 260429s9999||||xx |||||||||||||| ||und|| | ||
| 020 | _a9788197934667 | ||
| 041 | _aEnglish | ||
| 082 |
_a658.404 _bGAN |
||
| 100 | _aGanesamurthy, K. | ||
| 245 | 0 |
_aProject management / _cK. Ganesamurthy |
|
| 260 |
_aChennai : _bNational Academic Press, _c2025. |
||
| 300 | _aiii, 187 p.; hb | ||
| 650 | _a Project management | ||
| 650 | _aExecutive management | ||
| 700 | _a Manida, M. | ||
| 700 | _a Sundararajan, S. | ||
| 942 | _cTB | ||
| 999 |
_c51388 _d51388 |
||